000 00750nam a2200193 i 4500
001 120191
003 ES-MaACL
005 20251012063050.0
007 t|
008 070214s1966 po r ||||1| spa d
100 1 _aPérez Vidal, José,
_d1907-1990
_9160934
245 1 0 _aClasificación de los portuguesismos del español hablado en Canarias /
_cJosé Pérez Vidal.
260 _aCoimbra :
_b[s.n.],
_c1966 (
_fGráf. Coimbra)
300 _a10 p. ;
_c24 cm.
500 _aEs tirada aparte das Actas do V. Coloquio Internacional de Estudos Luso-Brasileiros, V. III, 1966.
711 1 _aColoquio Internacional de Estudos Luso-Brasileiros (
_cCoimbra (
_n. V)
_9218679
852 _aES-MaACL
_j2087-F-28
_bR.89908
999 _c120191
_d120191